Deutsche Fußballnationalmannschaft: Alle Debütanten seit 2000 - Statistiken

Allgemein
  • Dieses Quiz wurde 1.563 mal gespielt
    54 seit der letzten Aktualisierung
  • Das Durchschnittsergebnis liegt bei 93 aus 192
Antwortstatistiken
Titel Jahr Verein Debüt gegen... Spieler % Korrekt
DFB-Debütanten seit 2000 2001 1. FC Kaiserslautern Albanien (2:1) Miroslav Klose
96%
DFB-Debütanten seit 2000 2009 FC Schalke 04 Vereinigte Arabische Emirate (7:2) Manuel Neuer
94%
DFB-Debütanten seit 2000 2021 FC Bayern München Island (3:0) Jamal Musiala
90%
DFB-Debütanten seit 2000 2009 SV Werder Bremen Norwegen (0:1) Mesut Özil
90%
DFB-Debütanten seit 2000 2004 Hannover 96 Iran (2:0) Per Mertesacker
90%
DFB-Debütanten seit 2000 2026 FC Bayern München Schweiz (4:3) Lennart Karl
88%
DFB-Debütanten seit 2000 2011 Borussia Mönchengladbach Türkei (3:1) Marco Reus
88%
DFB-Debütanten seit 2000 2009 Hamburger SV Russland (1:0) Jérôme Boateng
85%
DFB-Debütanten seit 2000 2004 1. FC Köln Ungarn (0:2) Lukas Podolski
85%
DFB-Debütanten seit 2000 2010 Borussia Dortmund Malta (3:0) Mats Hummels
85%
DFB-Debütanten seit 2000 2013 1. FSV Mainz 05 Ecuador (4:2) Nicolai Müller
85%
DFB-Debütanten seit 2000 2023 Brighton & Hove Albion Japan (1:4) Pascal Groß
85%
DFB-Debütanten seit 2000 2004 VfB Stuttgart Kroatien (2:1) Philipp Lahm
85%
DFB-Debütanten seit 2000 2010 FC Bayern München Argentinien (0:1) Thomas Müller
85%
DFB-Debütanten seit 2000 2021 Bayer 04 Leverkusen Liechtenstein (2:0) Florian Wirtz
83%
DFB-Debütanten seit 2000 2012 Borussia Mönchengladbach Schweiz (3:5) Marc-André ter Stegen
83%
DFB-Debütanten seit 2000 2010 Borussia Dortmund Schweden (0:0) Mario Götze
83%
DFB-Debütanten seit 2000 2014 SC Freiburg Chile (1:0) Matthias Ginter
83%
DFB-Debütanten seit 2000 2003 VfL Wolfsburg Spanien (1:3) Tobias Rau
83%
DFB-Debütanten seit 2000 2014 VfB Stuttgart Polen (0:0) Antonio Rüdiger
81%
DFB-Debütanten seit 2000 2024 VfB Stuttgart Frankreich (2:0) Deniz Undav
81%
DFB-Debütanten seit 2000 2016 FC Bayern München Slowakei (1:3) Joshua Kimmich
81%
DFB-Debütanten seit 2000 2024 TSG 1899 Hoffenheim Niederlande (1:0) Oliver Baumann
81%
DFB-Debütanten seit 2000 2010 Bayer 04 Leverkusen Argentinien (0:1) Toni Kroos
81%
DFB-Debütanten seit 2000 2014 FC Schalke 04 Polen (0:0) Leon Goretzka
79%
DFB-Debütanten seit 2000 2022 SV Werder Bremen Oman (0:1) Niclas Füllkrug
79%
DFB-Debütanten seit 2000 2009 VfB Stuttgart Südafrika (2:0) Sami Khedira
79%
DFB-Debütanten seit 2000 2016 SV Werder Bremen San Marino (8:0) Serge Gnabry
79%
DFB-Debütanten seit 2000 2024 VfB Stuttgart Bosnien und Herzegowina (2:1) Alexander Nübel
77%
DFB-Debütanten seit 2000 2004 FC Bayern München Ungarn (0:2) Bastian Schweinsteiger
77%
DFB-Debütanten seit 2000 2023 VfB Stuttgart USA (3:1) Chris Führich
77%
DFB-Debütanten seit 2000 2018 Bayer 04 Leverkusen Peru (2:1) Kai Havertz
77%
DFB-Debütanten seit 2000 2013 Borussia Dortmund England (1:0) Roman Weidenfeller
77%
DFB-Debütanten seit 2000 2014 SC Freiburg Polen (0:0) Christian Günter
75%
DFB-Debütanten seit 2000 2014 Borussia Mönchengladbach Polen (0:0) Christoph Kramer
73%
DFB-Debütanten seit 2000 2016 Bayer 04 Leverkusen England (2:3) Jonathan Tah
73%
DFB-Debütanten seit 2000 2015 FC Schalke 04 Frankreich (0:2) Leroy Sané
73%
DFB-Debütanten seit 2000 2022 SC Freiburg Israel (2:0) Nico Schlotterbeck
73%
DFB-Debütanten seit 2000 2010 1. FSV Mainz 05 Schweden (0:0) André Schürrle
71%
DFB-Debütanten seit 2000 2021 TSG 1899 Hoffenheim Armenien (6:0) David Raum
71%
DFB-Debütanten seit 2000 2016 Bayer 04 Leverkusen Slowakei (1:3) Julian Brandt
71%
DFB-Debütanten seit 2000 2007 VfB Stuttgart Schweiz (3:1) Mario Gómez
71%
DFB-Debütanten seit 2000 2016 TSG 1899 Hoffenheim Finnland (2:0) Niklas Süle
71%
DFB-Debütanten seit 2000 2015 FC Liverpool Polen (3:1) Emre Can
69%
DFB-Debütanten seit 2000 2021 Red Bull Salzburg Armenien (6:0) Karim Adeyemi
69%
DFB-Debütanten seit 2000 2017 Paris Saint-Germain Dänemark (1:1) Kevin Trapp
69%
DFB-Debütanten seit 2000 2024 TSG 1899 Hoffenheim Ukraine (0:0) Maximilian Beier
69%
DFB-Debütanten seit 2000 2024 VfB Stuttgart Frankreich (2:0) Maximilian Mittelstädt
69%
DFB-Debütanten seit 2000 2025 VfB Stuttgart Portugal (1:2) Nick Woltemade
69%
DFB-Debütanten seit 2000 2023 Bayer 04 Leverkusen Österreich (0:2) Robert Andrich
69%
DFB-Debütanten seit 2000 2024 VfB Stuttgart Ungarn (5:0) Angelo Stiller
67%
DFB-Debütanten seit 2000 2011 Borussia Dortmund Belgien (3:1) İlkay Gündoğan
67%
DFB-Debütanten seit 2000 2020 Atalanta Bergamo Spanien (1:1) Robin Gosens
67%
DFB-Debütanten seit 2000 2017 RB Leipzig England (1:0) Timo Werner
67%
DFB-Debütanten seit 2000 2011 FC Schalke 04 Uruguay (2:1) Benedikt Höwedes
65%
DFB-Debütanten seit 2000 2016 Bayer 04 Leverkusen Slowakei (1:3) Bernd Leno
65%
DFB-Debütanten seit 2000 2012 FC Schalke 04 Schweiz (3:5) Julian Draxler
65%
DFB-Debütanten seit 2000 2010 Borussia Dortmund Malta (3:0) Kevin Großkreutz
65%
DFB-Debütanten seit 2000 2002 TSV 1860 München Argentinien (0:1) Martin Max
65%
DFB-Debütanten seit 2000 2020 PSV Eindhoven Tschechien (1:0) Philipp Max
65%
DFB-Debütanten seit 2000 2023 FC Brentford Peru (2:0) Kevin Schade
63%
DFB-Debütanten seit 2000 2025 Eintracht Frankfurt Luxemburg (4:0) Nathaniel Brown
63%
DFB-Debütanten seit 2000 2014 Sampdoria Genua Polen (0:0) Shkodran Mustafi
63%
DFB-Debütanten seit 2000 2024 VfB Stuttgart Frankreich (2:0) Waldemar Anton
63%
DFB-Debütanten seit 2000 2024 FC Bayern München Ukraine (0:0) Aleksandar Pavlovic
60%
DFB-Debütanten seit 2000 2014 Borussia Dortmund Kamerun (2:2) Erik Durm
60%
DFB-Debütanten seit 2000 2023 AC Mailand Polen (0:1) Malick Thiaw
60%
DFB-Debütanten seit 2000 2008 Bayer 04 Leverkusen Russland (2:1) René Adler
60%
DFB-Debütanten seit 2000 2007 Bayer 04 Leverkusen Dänemark (0:1) Stefan Kießling
58%
DFB-Debütanten seit 2000 2025 Inter Mailand Italien (3:3) Yann Aurel Bisseck
58%
DFB-Debütanten seit 2000 2020 Borussia Mönchengladbach Türkei (3:3) Jonas Hofmann
56%
DFB-Debütanten seit 2000 2023 VfB Stuttgart Belgien (2:3) Josha Vagnoman
56%
DFB-Debütanten seit 2000 2019 RB Leipzig Serbien (1:1) Lukas Klostermann
56%
DFB-Debütanten seit 2000 2017 RB Leipzig England (0:0) Marcel Halstenberg
56%
DFB-Debütanten seit 2000 2010 Borussia Dortmund Schweden (0:0) Marcel Schmelzer
56%
DFB-Debütanten seit 2000 2002 Hertha BSC Bulgarien (2:2) Arne Friedrich
54%
DFB-Debütanten seit 2000 2006 1. FSV Mainz 05 Schweden (3:0) Manuel Friedrich
54%
DFB-Debütanten seit 2000 2019 Bayer 04 Leverkusen Argentinien (2:2) Nadiem Amiri
54%
DFB-Debütanten seit 2000 2025 Eintracht Frankfurt Slowakei (0:2) Nnamdi Collins
54%
DFB-Debütanten seit 2000 2011 Hannover 96 Ukraine (3:3) Ron-Robert Zieler
54%
DFB-Debütanten seit 2000 2024 Borussia Mönchengladbach Bosnien und Herzegowina (2:1) Tim Kleindienst
54%
DFB-Debütanten seit 2000 2016 Bayer 04 Leverkusen San Marino (8:0) Benjamin Henrichs
52%
DFB-Debütanten seit 2000 2009 VfB Stuttgart China (1:1) Cacau
52%
DFB-Debütanten seit 2000 2014 VfL Wolfsburg Polen (0:0) Maximilian Arnold
52%
DFB-Debütanten seit 2000 2018 Paris Saint-Germain Peru (2:1) Thilo Kehrer
52%
DFB-Debütanten seit 2000 2022 FC Southampton England (3:3) Armel Bella-Kotchap
50%
DFB-Debütanten seit 2000 2000 Hamburger SV Liechtenstein (8:2) Hans Jörg Butt
50%
DFB-Debütanten seit 2000 2014 1. FC Köln Gibraltar (4:0) Jonas Hector
50%
DFB-Debütanten seit 2000 2011 Bayer 04 Leverkusen Polen (2:2) Lars Bender
50%
DFB-Debütanten seit 2000 2017 Hertha BSC Dänemark (1:1) Marvin Plattenhardt
50%
DFB-Debütanten seit 2000 2007 Hannover 96 Dänemark (0:1) Robert Enke
50%
DFB-Debütanten seit 2000 2011 Borussia Dortmund Australien (1:2) Sven Bender
50%
DFB-Debütanten seit 2000 2018 SC Freiburg Österreich (1:2) Nils Petersen
48%
DFB-Debütanten seit 2000 2014 TSG 1899 Hoffenheim Polen (0:0) Sebastian Rudy
48%
DFB-Debütanten seit 2000 2001 SV Werder Bremen Frankreich (0:1) Torsten Frings
48%
DFB-Debütanten seit 2000 2022 1. FSV Mainz 05 Israel (2:0) Anton Stach
46%
DFB-Debütanten seit 2000 2025 RB Leipzig Slowakei (6:0) Assane Ouédraogo
46%
DFB-Debütanten seit 2000 2023 VfL Wolfsburg Belgien (2:3) Felix Nmecha
46%
DFB-Debütanten seit 2000 2024 VfB Stuttgart Niederlande (1:0) Jamie Leweling
46%
DFB-Debütanten seit 2000 2021 VfL Wolfsburg Liechtenstein (9:0) Lukas Nmecha
46%
DFB-Debütanten seit 2000 2013 SC Freiburg Ecuador (4:2) Max Kruse
46%
DFB-Debütanten seit 2000 2020 VfL Wolfsburg Tschechien (1:0) Ridle Baku
46%
DFB-Debütanten seit 2000 2017 TSG 1899 Hoffenheim Dänemark (1:1) Sandro Wagner
46%
DFB-Debütanten seit 2000 2014 FC Augsburg Polen (0:0) André Hahn
44%
DFB-Debütanten seit 2000 2001 Borussia Dortmund Ungarn (5:2) Christoph Metzelder
44%
DFB-Debütanten seit 2000 2020 Borussia Mönchengladbach Türkei (3:3) Florian Neuhaus
44%
DFB-Debütanten seit 2000 2017 Borussia Mönchengladbach Dänemark (1:1) Lars Stindl
44%
DFB-Debütanten seit 2000 2005 Borussia Mönchengladbach Slowakei (0:2) Marcell Jansen
44%
DFB-Debütanten seit 2000 2008 Borussia Mönchengladbach Belarus (2:2) Marko Marin
44%
DFB-Debütanten seit 2000 2014 FC Schalke 04 Polen (0:0) Max Meyer
44%
DFB-Debütanten seit 2000 2019 SC Freiburg Argentinien (2:2) Robin Koch
44%
DFB-Debütanten seit 2000 2008 SV Werder Bremen England (1:2) Tim Wiese
44%
DFB-Debütanten seit 2000 2025 TSG 1899 Hoffenheim Frankreich (0:2) Tom Bischof
44%
DFB-Debütanten seit 2000 2024 1. FSV Mainz 05 Bosnien und Herzegowina (2:1) Jonathan Burkardt
42%
DFB-Debütanten seit 2000 2001 SC Freiburg Slowakei (2:0) Sebastian Kehl
42%
DFB-Debütanten seit 2000 2001 FC Schalke 04 Slowakei (2:0) Gerald Asamoah
40%
DFB-Debütanten seit 2000 2010 FC Bayern München Ungarn (3:0) Holger Badstuber
40%
DFB-Debütanten seit 2000 2003 VfB Stuttgart Litauen (1:1) Kevin Kuranyi
40%
DFB-Debütanten seit 2000 2014 TSG 1899 Hoffenheim Polen (0:0) Kevin Volland
40%
DFB-Debütanten seit 2000 2023 SV Werder Bremen Türkei (2:3) Marvin Duksch
40%
DFB-Debütanten seit 2000 2004 FC Chelsea Österreich (3:1) Robert Huth
40%
DFB-Debütanten seit 2000 2002 SV Werder Bremen Bulgarien (2:2) Tim Borowski
40%
DFB-Debütanten seit 2000 2004 VfB Stuttgart Rumänien (1:5) Timo Hildebrand
40%
DFB-Debütanten seit 2000 2009 TSG 1899 Hoffenheim Vereinigte Arabische Emirate (7:2) Tobias Weis
40%
DFB-Debütanten seit 2000 2006 Borussia Dortmund Japan (2:2) David Odonkor
38%
DFB-Debütanten seit 2000 2010 Hamburger SV Malta (3:0) Dennis Aogo
38%
DFB-Debütanten seit 2000 2010 1. FSV Mainz 05 Schweden (0:0) Lewis Holtby
38%
DFB-Debütanten seit 2000 2006 Hamburger SV Georgien (2:0) Piotr Trochowski
38%
DFB-Debütanten seit 2000 2022 Borussia Dortmund Oman (0:1) Youssoufa Moukoko
38%
DFB-Debütanten seit 2000 2004 SV Werder Bremen Japan (3:0) Christian Schulz
35%
DFB-Debütanten seit 2000 2006 SV Werder Bremen Georgien (2:0) Clemens Fritz
35%
DFB-Debütanten seit 2000 2002 SV Werder Bremen USA (4:2) Frank Rost
35%
DFB-Debütanten seit 2000 2018 TSG 1899 Hoffenheim Peru (2:1) Nico Schulz
35%
DFB-Debütanten seit 2000 2006 Alemannia Aachen Georgien (2:0) Jan Schlaudraff
33%
DFB-Debütanten seit 2000 2016 Borussia Dortmund Slowakei (1:3) Julian Weigl
33%
DFB-Debütanten seit 2000 2023 1. FC Union Berlin Mexiko (2:2) Kevin Behrens
33%
DFB-Debütanten seit 2000 2004 Aston Villa Iran (2:0) Thomas Hitzlsperger
33%
DFB-Debütanten seit 2000 2008 FC Schalke 04 Österreich (3:0) Heiko Westermann
31%
DFB-Debütanten seit 2000 2007 1. FC Köln Dänemark (0:1) Patrick Helmes
31%
DFB-Debütanten seit 2000 2017 Ajax Amsterdam Dänemark (1:1) Amin Younes
29%
DFB-Debütanten seit 2000 2009 TSG 1899 Hoffenheim Norwegen (0:1) Andreas Beck
29%
DFB-Debütanten seit 2000 2014 Bayer 04 Leverkusen Polen (0:2) Karim Bellarabi
29%
DFB-Debütanten seit 2000 2017 TSG 1899 Hoffenheim Dänemark (1:1) Kerem Demirbay
29%
DFB-Debütanten seit 2000 2005 FC Schalke 04 Russland (2:2) Mike Hanke
29%
DFB-Debütanten seit 2000 2019 Hertha BSC Nordirland (6:1) Niklas Stark
29%
DFB-Debütanten seit 2000 2004 Arminia Bielefeld Japan (3:0) Patrick Owomoyela
29%
DFB-Debütanten seit 2000 2007 Bayer 04 Leverkusen Dänemark (0:1) Gonzalo Castro
27%
DFB-Debütanten seit 2000 2019 SC Freiburg Argentinien (2:2) Luca Waldschmidt
27%
DFB-Debütanten seit 2000 2018 FC Schalke 04 Niederlande (0:3) Mark Uth
27%
DFB-Debütanten seit 2000 2015 Borussia Mönchengladbach USA (1:2) Patrick Herrmann
27%
DFB-Debütanten seit 2000 2007 Bayer 04 Leverkusen Dänemark (0:1) Simon Rolfes
27%
DFB-Debütanten seit 2000 2019 FC Schalke 04 Argentinien (2:2) Suat Serdar
27%
DFB-Debütanten seit 2000 2009 SV Werder Bremen Elfenbeinküste (2:2) Aaron Hunt
25%
DFB-Debütanten seit 2000 2009 VfL Wolfsburg China (1:1) Christian Gentner
25%
DFB-Debütanten seit 2000 2017 RB Leipzig San Marino (7:0) Diego Demme
25%
DFB-Debütanten seit 2000 2008 VfB Stuttgart Belgien (2:0) Serdar Taşçı
25%
DFB-Debütanten seit 2000 2013 Bayer 04 Leverkusen Ecuador (4:2) Sidney Sam
25%
DFB-Debütanten seit 2000 2023 Borussia Dortmund Peru (2:0) Marius Wolf
23%
DFB-Debütanten seit 2000 2000 Hertha BSC Niederlande (1:2) Sebastian Deisler
23%
DFB-Debütanten seit 2000 2007 FC Schalke 04 England (2:1) Christian Pander
21%
DFB-Debütanten seit 2000 2001 FC Schalke 04 Slowakei (2:0) Jörg Böhme
21%
DFB-Debütanten seit 2000 2008 VfL Wolfsburg England (1:2) Marcel Schäfer
21%
DFB-Debütanten seit 2000 2002 VfL Bochum Kuwait (7:0) Paul Freier
21%
DFB-Debütanten seit 2000 2007 VfB Stuttgart Dänemark (0:1) Roberto Hilbert
21%
DFB-Debütanten seit 2000 2002 SV Werder Bremen Kuwait (7:0) Fabian Ernst
19%
DFB-Debütanten seit 2000 2004 SV Werder Bremen Österreich (3:1) Frank Fahrenhorst
19%
DFB-Debütanten seit 2000 2008 FC Schalke 04 Österreich (3:0) Jermaine Jones
19%
DFB-Debütanten seit 2000 2020 Borussia Dortmund Türkei (3:3) Mahmoud Dahoud
19%
DFB-Debütanten seit 2000 2008 TSG 1899 Hoffenheim England (1:2) Marvin Compper
19%
DFB-Debütanten seit 2000 2012 FC Schalke 04 Niederlande (0:0) Roman Neustädter
19%
DFB-Debütanten seit 2000 2014 Eintracht Frankfurt Polen (0:0) Sebastian Jung
19%
DFB-Debütanten seit 2000 2016 VfL Wolfsburg Italien (0:0) Yannick Gerhardt
19%
DFB-Debütanten seit 2000 2006 VfL Wolfsburg Georgien (2:0) Alexander Madlung
17%
DFB-Debütanten seit 2000 2023 FC Augsburg Peru (2:0) Mergim Berisha
17%
DFB-Debütanten seit 2000 2010 Bayer 04 Leverkusen Malta (3:0) Stefan Reinartz
17%
DFB-Debütanten seit 2000 2004 FC Bayern München Brasilien (1:1) Andreas Görlitz
15%
DFB-Debütanten seit 2000 2003 VfB Stuttgart Serbien (1:0) Andreas Hinkel
15%
DFB-Debütanten seit 2000 2003 TSV 1860 München Spanien (1:3) Benjamin Lauth
15%
DFB-Debütanten seit 2000 2009 VfB Stuttgart Vereinigte Arabische Emirate (7:2) Christian Träsch
15%
DFB-Debütanten seit 2000 2014 SC Freiburg Polen (0:0) Oliver Sorg
15%
DFB-Debütanten seit 2000 2002 FC St. Pauli Kuwait (7:0) Christian Rahn
13%
DFB-Debütanten seit 2000 2006 Hertha BSC Schweden (3:0) Malik Fathi
13%
DFB-Debütanten seit 2000 2004 1. FC Kaiserslautern Japan (3:0) Marco Engelhardt
13%
DFB-Debütanten seit 2000 2002 Bayer 04 Leverkusen USA (4:2) Thomas Brdaric
13%
DFB-Debütanten seit 2000 2000 VfL Wolfsburg Niederlande (1:2) Zoltan Sebescen
13%
DFB-Debütanten seit 2000 2002 TSV 1860 München Kuwait (7:0) Daniel Bierofka
10%
DFB-Debütanten seit 2000 2003 Bayer 04 Leverkusen Spanien (1:3) Hanno Balitsch
10%
DFB-Debütanten seit 2000 2013 Bayer 04 Leverkusen Ecuador (4:2) Philipp Wollscheid
10%
DFB-Debütanten seit 2000 2010 VfL Wolfsburg Dänemark (2:2) Sascha Riether
10%
DFB-Debütanten seit 2000 2000 Hamburger SV Dänemark (1:2) Ingo Hertzsch
6%
DFB-Debütanten seit 2000 2005 1. FC Köln Slowakei (0:2) Lukas Sinkiewicz
6%
DFB-Debütanten seit 2000 2003 Hertha BSC Serbien (1:0) Michael Hartmann
6%
Keine übereinstimmenden Quizze gefunden
Verteilung der Resultate
Anzahl Personen mit jedem Resultat
Perzentil nach korrekt beantworteten Fragen
Ihre Resultats-Entwicklung
Sie haben dieses Quiz seit der letzten Aktualisierung nicht gespielt